000 00315nam a2200157Ia 4500
100 _aFreeman/Eric
650 _aDesign
942 _cBK
366 _f25
245 _aHead first design patterns
260 _bSPD
_c2004
082 _a5.133
_bFRE
300 _a638
546 _aENGLISH
_cComputers
999 _c27338
_d27338